000 00278nam a22001337a 4500
008 171124b xxu||||| |||| 00| 0 eng d
020 _a9780815307204
041 _aeng
080 _a94
100 _a16
101 _aHIS
245 _aMODERN CHINA
_cWEN,W.K
942 _2udc
_cBK
999 _c38510
_d38510